ห้องสมุด วิทยาลัยพยาบาลบรมราชชนนี อุดรธานี
Boromarajonani College of Nursing, Udonthani
เปลี่ยนเป็นภาษาไทย

Change to English
 แสดงรายละเอียดบรรณานุกรม
  กลับหน้าหลัก

Brief Record : Get Marc (ISO 2709) : E-mail record : QR code ปิดหน้าต่าง
หนังสืออ้างอิง : เกี่ยวกับ Collections
mysqli: Table './ulib2015/stat_globaluid' is marked as crashed and last (automatic?) repair failed
select id from stat_globaluid where statuid='20260417230856_2362' 
mysqli: Table './ulib2015/stat_globaluid' is marked as crashed and last (automatic?) repair failed
DELETE FROM stat_globaluid
			WHERE id NOT IN (
			  SELECT id
			  FROM (
				SELECT id
				FROM stat_globaluid
				ORDER BY id DESC
				LIMIT 100
			  ) foo
			); 
mysqli: Table './ulib2015/stat_globaluid' is marked as crashed and last (automatic?) repair failed
insert into stat_globaluid set
		statuid='20260417230856_2362',
		dt='1776442136',
		phpself='/ULIB/dublinfull.php',
		agent='Mozilla/5.0 AppleWebKit/537.36 (KHTML, like Gecko; compatible; ClaudeBot/1.0; +claudebot@anthropic.com)',
		yea='2026',
		mon='4',
		dat='17',
		ip='216.73.216.55'
		
		
LEADER 00000nam 2200000 a 4500
001    13399121532
003     ULIBM
008    160119s2559 th a s000 0 tha d
060  4 ^aWA100^bส181ก^cc2559
100 0  ^aสถาบันพระบรมราชชนก
245 00 ^aบทเรียนศูนย์ความเป็นเลิศทางวิชาการด้านสุขภาพ กรณีศึกษา กลุ่มพัฒนาบุคลากร วิทยาลัยพยาบาลบรมราชชนี นครลำปางและวิทยาลัยพยาบาลบรมราชชนนี สระบุรี /^cกลุ่มพัฒนาบุคลากร สถาบันพระบรมราชชนก
260    ^aนนทบุรี:^bบริษัทยุทธรินทร์การพิมพ์จำกัด,^c2559
300    ^a47 หน้า
505 0  --^t เหลียวหลังพิจารณา...ศูนย์ความเป็นเลิศทางวิชาการด้านสุขภาพ--^t ทบทวนแนวคิดการถอดบทเรียน--^t ภาพรวมจำแนกตามสาขาศูนย์ความเป็นเลิศทางวิชาการด้านสุขภาพ--^t กรณีศึกษากลุ่มพัฒนาบุคลากร--^t ผลลัพธ์การดำเนินงานของศูนย์ความเป็นเลิศ--^t กรณีศึกษา วิทยาลัยพยาบาลบรมราชชนนี นครลำปาง--^t กรณีศึกษาวิทยาลัยพยาบาลบรมราชชนนี สระบุรี--^t สรุป...แลหน้า การดำเนินการศูนย์ความเป็นเลิศทางวิชาการด้านสุขภาพของสถาบันพระบรมราชชนก
650  7 ^aศูนย์ความเป็นเลิศ
650  0 ^aกรณีศึกษา ศูนย์ความเป็นเลิศ
650  0 ^aศูนย์ความเป็นเลิศทางวิชาการด้านสุขภาพ
650  0 ^aความเป็นเลิส
650  0 ^aความเป็นเลิศทางวิชาการ
650  0 ^aวิชาการด้านสุขภาพ
710 2  ^aกลุ่มพัฒนาบุคลากร.^bสถาบันพระบรมราชชนก
945    ^p0^l0^i44387
945    ^p0^l0^i44388
945    ^p0^l0^i44389
999     ^aวริดา
รายการนี้ยังไม่มีแท็ก
คุณยังไม่ได้ล็อกอิน คุณสามารถมีกิจกรรมร่วมกับเว็บไซต์ได้ แต่ต้องล็อกอินก่อน ::
  ล็อกอิน
ลำดับที่ ประเภท เลขเรียก/บาร์โค้ด สถานที่ สถานะ
1. หนังสือการพยาบาล
หนังสือการพยาบาล
WA100 ส181ก c2559 c.1 
  Barcode: 44387
หนังสือการพยาบาล On Shelf
  ขอยืม
2. หนังสือการพยาบาล
หนังสือการพยาบาล
WA100 ส181ก c2559 c.2 
  Barcode: 44388
หนังสือการพยาบาล On Shelf
  ขอยืม
3. หนังสือการพยาบาล
หนังสือการพยาบาล
WA100 ส181ก c2559 c.3 
  Barcode: 44389
หนังสือการพยาบาล On Shelf
  ขอยืม
   [แสดง 3/3 รายการ]

mysqli: Can't create/write to file '/var/tmp/#sql_59d_0.MAI' (Errcode: 2)
select * from index_db where titl like '%บทเรียนศูนย์ความเป็นเลิศทางวิชาการด้านสุขภาพ  กรณีศึกษา กลุ่มพัฒนาบุคลากร วิทยาลัยพยาบาลบรมราชชนี นครลำปางและวิทยาลัยพยาบาลบรมราชชนนี สระบุรี / กลุ่มพัฒนาบุคลากร สถาบันพระบรมราชชนก%' and mid<>'13399121532'  order by rand() limit 3
mysqli: Can't create/write to file '/var/tmp/#sql_59d_0.MAI' (Errcode: 2)
select * from index_db where auth like '%สถาบันพระบรมราชชนก%' and mid<>'13399121532'  order by rand() limit 3
mysqli: Can't create/write to file '/var/tmp/#sql_59d_0.MAI' (Errcode: 2)
select * from index_db where subj like '%ศูนย์ความเป็นเลิศ%' and mid<>'13399121532'  order by rand() limit 3
mysqli: Can't create/write to file '/var/tmp/#sql_59d_0.MAI' (Errcode: 2)
select * from index_db where subj like '%กรณีศึกษา ศูนย์ความเป็นเลิศ%' and mid<>'13399121532'  order by rand() limit 3
mysqli: Can't create/write to file '/var/tmp/#sql_59d_0.MAI' (Errcode: 2)
select * from index_db where subj like '%ศูนย์ความเป็นเลิศทางวิชาการด้านสุขภาพ%' and mid<>'13399121532'  order by rand() limit 3
mysqli: Can't create/write to file '/var/tmp/#sql_59d_0.MAI' (Errcode: 2)
select * from index_db where subj like '%ความเป็นเลิส%' and mid<>'13399121532'  order by rand() limit 3
mysqli: Can't create/write to file '/var/tmp/#sql_59d_0.MAI' (Errcode: 2)
select * from index_db where subj like '%ความเป็นเลิศทางวิชาการ%' and mid<>'13399121532'  order by rand() limit 3
mysqli: Can't create/write to file '/var/tmp/#sql_59d_0.MAI' (Errcode: 2)
select * from index_db where subj like '%วิชาการด้านสุขภาพ%' and mid<>'13399121532'  order by rand() limit 3

BibComment


ยังไม่เคยถูกคอมเมนท์

คอมเมนท์ทรัพยากรรายการนี้
  คอมเมนท์: บทเรียนศูนย์ความ..
Bib 13399121532

 
 
 

 Union Library Management : ULibM
Copyright 2026. All Rights Reserved.